000
00468nam a2200145Ia 4500
008
100122s9999 xx 000 0 und d
082
_b
17373
_a
922.945
100
_a
करंदीकर ज गं
245
_a
आद्य शंकराचार्य
260
_b
सरोज प्रकाशन
_c
1970
300
_a
103
630
_a
आद्य शंकराचार्य
730
_a
आद्य शंकराचार्य
942
_c
BOOK
999
_c
407130
_d
407127